|
|
|
|
| LEADER |
00000nab#a22000007a#4500 |
| 001 |
arbauad003853 |
| 003 |
AR-BaUAD |
| 005 |
20250711110611.0 |
| 008 |
940408|||||||||###||||||b###|0###a|spa|| |
| 040 |
|
|
|a AR-BaUAD
|c AR-BaUAD
|b spa
|
| 245 |
1 |
0 |
|a Aporte al diseño de unidades hospitalarias
|
| 300 |
0 |
|
|b det., plantas
|
| 500 |
|
|
|a Unidades hospitalarias móviles expandibles y modernización de hospitales existentes por medio de sistemas de paneles modulares.
|
| 653 |
|
|
|a ARQUITECTURA HOSPITALARIA
|
| 653 |
|
|
|a CONSTRUCCION MOVIL
|
| 653 |
|
|
|a PANELES MODULARES
|
| 653 |
|
|
|a BACKIS, PEDRO
|
| 653 |
|
|
|a FERRARI, HECTOR ANTONIO
|
| 653 |
|
|
|a MARIÑO, MARIO
|
| 773 |
0 |
|
|t SUMMA
|g no. 70 [dic. 1973], p. 80-83
|
| 942 |
|
|
|c ARTI
|
| 952 |
|
|
|0 0
|1 0
|4 0
|7 0
|9 48773
|a AR-BAuAD
|b AR-BAuAD
|d 2025-07-11
|l 0
|p AAQA003853
|r 2025-07-11 11:06:11
|w 2025-07-11
|y ARTI
|
| 990 |
|
|
|a AQ197
|b TD
|
| 998 |
|
|
|a AAQ
|b BIBUN76
|
| 999 |
|
|
|c 28446
|d 28446
|